| 000 | 00370 a2200133 4500 | ||
|---|---|---|---|
| 001 | 88331 | ||
| 082 | _aPR 534 | ||
| 090 |
_c41751 _d41751 |
||
| 100 | _aNaveed Masood | ||
| 245 | _aComputation of steady , inviscid, supersonic flow over an expansion corner | ||
| 260 |
_aRisalpur _bNUST Risalpur _c2001 |
||
| 300 |
_a102p. _eTanveer Hussain |
||
| 500 | _aBE Project Reports | ||
| 942 |
_aCAE NUST _kPR 534 |
||
| 999 |
_c323404 _d323404 |
||